000 00476nam a22001817a 4500
005 20180718114040.0
008 160525b xxu||||| |||| 00| 0 eng d
020 _a81-7808-331-0
041 _aeng
082 _b4836
_a658.1511
100 _aKaplan, Robert S. & Atkenson, Anthony A
_91213
245 _aAdvanced Management Accounting
250 _a3rd ed.
260 _aNew Delhi
_bAcademic Faundation
_c2003
300 _a792p,
650 _aManagement
_9241
942 _cBK
999 _c1665
_d1664